Länder mit dem größten Frauenanteil im Parlament - Statistiken

Allgemein
  • Dieses Quiz wurde 96 mal gespielt
  • Das Durchschnittsergebnis liegt bei 6 aus 15
Antwortstatistiken
Platz Land Frauenanteil in %
% Korrekt
8. Finnland 42%
96%
11. Norwegen 41,4%
95%
5. Schweden 46,1%
95%
11. Belgien 41,4%
60%
4. Mexiko 48,4%
48%
15. Argentinien 39,5%
39%
9. Südafrika 41,8%
39%
2. Kuba 53,2%
26%
7. Costa Rica 45,6%
22%
6. Nicaragua 45,7%
20%
3. Bolivien 51,8%
16%
13. Namibia 39,7%
14%
1. Ruanda 55,7%
9%
14. Mosambik 39,6%
6%
9. Senegal 41,8%
5%
Keine übereinstimmenden Quizze gefunden
Verteilung der Resultate
Anzahl Personen mit jedem Resultat
Perzentil nach korrekt beantworteten Fragen
Ihre Resultats-Entwicklung
Sie haben dieses Quiz noch nicht gespielt